Komparácia hypotekárnych systémov vo vybraných krajinách Európskej únie bakalárska práca

Na minha lista:
Detalhes bibliográficos
Autor principal: Jakabová, Veronika
Autor Corporativo: Národohospodárska fakulta EU. Katedra bankovníctva a medzinárodných financií
Outros Autores: Pilch, Ctibor, 1957-
Formato: Livro
Idioma:eslovaco
Publicado em: Bratislava 2015
Tags: Adicionar Tag
Sem tags, seja o primeiro a adicionar uma tag!

MARC

LEADER 00000nbm a2200000 4500
001 0205117
005 20161212095910.8
041 0 |a slo 
044 |a SK 
245 1 0 |a Komparácia hypotekárnych systémov vo vybraných krajinách Európskej únie  |b bakalárska práca  |c Veronika Jakabová ; školiteľ: Ctibor Pilch 
264 1 |a Bratislava  |c 2015 
300 |a 49 s. 
100 1 |a Jakabová, Veronika 
700 1 |a Pilch, Ctibor, 1957- 
710 2 |a Národohospodárska fakulta EU. Katedra bankovníctva a medzinárodných financií